00435 2200181 4500001002100000005001500021035002000036245002600056100002300082260003100105082000800136084001400144990001900158990001900177990001900196990001900215990001900234INLIS00000000000044920250827113439 a0010-08250000171 aSosiologi Kontenporer0 aMargaret M. Poloma aJakarta :bRajawali,c1984 a301 a301 MAR s a300.1994.00127 a300.1999.00189 a300.1999.00190 a300.1999.00191 a300.1999.00192